Classical mechanics / (Record no. 178595)
[ view plain ]
| 000 -LEADER | |
|---|---|
| fixed length control field | 01264 a2200205 4500 |
| 003 - CONTROL NUMBER IDENTIFIER | |
| control field | Nust |
| 005 - DATE AND TIME OF LATEST TRANSACTION | |
| control field | 20221020173852.0 |
| 010 ## - LIBRARY OF CONGRESS CONTROL NUMBER | |
| LC control number | 94039839 |
| 040 ## - CATALOGING SOURCE | |
| Transcribing agency | Nust |
| 082 00 - DEWEY DECIMAL CLASSIFICATION NUMBER | |
| Classification number | 620.1,CHO |
| 100 1# - MAIN ENTRY--PERSONAL NAME | |
| Personal name | Chow, Tai L. / |
| 9 (RLIN) | 39806 |
| 245 10 - TITLE STATEMENT | |
| Title | Classical mechanics / |
| Statement of responsibility, etc. | Tai L. Chow. |
| 260 ## - PUBLICATION, DISTRIBUTION, ETC. | |
| Place of publication, distribution, etc. | Rawalpindi : |
| Name of publisher, distributor, etc. | National Book Foundation |
| Date of publication, distribution, etc. | c1995. |
| 300 ## - PHYSICAL DESCRIPTION | |
| Extent | x, 546 p. : |
| Other physical details | ill. ; |
| Dimensions | 26 cm. |
| 505 ## - FORMATTED CONTENTS NOTE | |
| Formatted contents note | Kinematics of Particle Motion (Page-1), The Newtonian Formulation of Mechanics (Page-27), Integration of Newtons Equations of Motion (Page-67),The Lagrangian formulation of Mechanics: Descriptions of Motion in Configuration Spaces (Page-99), Hamiltonian Dynamics Description of Motion in Phase Spaces (Page-148), Central force Motion (Page-176), Linear Oscillation (Page-229), Nonlinear Oscillations (Page-287), Collisions Between Particles (Page-324), Motion in Noninertial Systems (Page-355), Coupled Oscillations and Normal Coordinates (Page-389), The Motion of Rigid Bodies (Page-435),The Theory of Special Relativity (Page-487). |
| 650 #0 - SUBJECT ADDED ENTRY--TOPICAL TERM | |
| Topical term or geographic name entry element | Mechanics. |
| 856 42 - ELECTRONIC LOCATION AND ACCESS | |
| Materials specified | Publisher description |
| Uniform Resource Identifier | <a href="http://www.loc.gov/catdir/description/wiley031/94039839.html">http://www.loc.gov/catdir/description/wiley031/94039839.html</a> |
| 856 42 - ELECTRONIC LOCATION AND ACCESS | |
| Materials specified | Table of Contents |
| Uniform Resource Identifier | <a href="http://www.loc.gov/catdir/toc/onix01/94039839.html">http://www.loc.gov/catdir/toc/onix01/94039839.html</a> |
| 942 ## - ADDED ENTRY ELEMENTS (KOHA) | |
| Source of classification or shelving scheme | |
| Koha item type | Book |
| Withdrawn status | Lost status | Source of classification or shelving scheme | Damaged status | Not for loan | Permanent Location | Current Location | Shelving location | Date acquired | Full call number | Barcode | Date last seen | Price effective from | Koha item type | Public note |
|---|---|---|---|---|---|---|---|---|---|---|---|---|---|---|
| Military College of Signals (MCS) | Military College of Signals (MCS) | General Stacks | 12/12/2016 | 620.1,CHO | MCS33330 | 12/08/2016 | 12/12/2016 | Book | Almirah No.27, Shelf No.2 | |||||
| Military College of Signals (MCS) | Military College of Signals (MCS) | General Stacks | 12/12/2016 | 620.1,CHO | MCS33331 | 12/08/2016 | 12/12/2016 | Book | Almirah No.27, Shelf No.2 |
